| 000 | 00644nam a2200241 a 4500 | ||
|---|---|---|---|
| 001 | nice12345678 | ||
| 003 | IN_TiNIC | ||
| 005 | 20260116012105.0 | ||
| 008 | 050524s1971 lona grp 000 0 eng | ||
| 020 |
_a _c15 |
||
| 082 | 0 | 0 |
_a297.09561 _bVRY |
| 100 | _aVryonis, Speros Jr | ||
| 245 | _aDecline of Medieval Hellenism in Asia Minor and the Process of Islamization | ||
| 260 |
_aLondon _bUniversity of California _c1971 |
||
| 300 | _a501p. | ||
| 500 | _aincludes index and biblioraphy | ||
| 505 | 2 | _aIndex | |
| 650 | _aIslam-History-Anatolia | ||
| 700 | 1 | _aVryonis, Speros Jr | |
| 902 | _bSRS | ||
| 942 | _cBK | ||
| 999 |
_c5595 _d5595 |
||